书目信息 |
| 题名: |
我国农业标准化战略与增强农业竞争力研究
|
|
| 作者: | 钱永忠 , 陈松 , 王宁 著 | |
| 分册: | ||
| 出版信息: | 北京 中国农业出版社 2014 |
|
| 页数: | 305页 | |
| 开本: | 24cm | |
| 丛书名: | ||
| 单 册: | ||
| 中图分类: | S-65 , F323.7 | |
| 科图分类: | ||
| 主题词: | 农业--标准化--发展战略--研究--中国 , 农业经济--竞争力--研究--中国 | |
| 电子资源: | ||
| ISBN: | 978-7-109-19700-8 | |
| 000 | 01032nam0 2200289 450 | |
| 001 | 337752 | |
| 005 | 20150529085355.79 | |
| 010 | @a978-7-109-19700-8@dCNY42.00 | |
| 100 | @a20150302d2014 em y0chiy50 ea | |
| 101 | 0 | @achi |
| 102 | @aCN@b110000 | |
| 105 | @ay z 000yy | |
| 106 | @ar | |
| 200 | 1 | @a我国农业标准化战略与增强农业竞争力研究@Awo guo nong ye biao zhun hua zhan lue yu zeng qiang nong ye jing zheng li yan jiu@f钱永忠, 陈松, 王宁著 |
| 210 | @a北京@c中国农业出版社@d2014 | |
| 215 | @a305页@d24cm | |
| 300 | @a国家社会科学基金重点项目 | |
| 330 | @a本书共分九章, 内容包括: 绪论、农业标准化与农业竞争力相关理论、政府推动农业标准化、农业企业实施农业标准化、合作社实施农业标准化等。 | |
| 606 | 0 | @a农业@x标准化@x发展战略@x研究@y中国 |
| 606 | 0 | @a农业经济@x竞争力@x研究@y中国 |
| 690 | @aS-65@v5 | |
| 690 | @aF323.7@v5 | |
| 701 | 0 | @a钱永忠@Aqian yong zhong@f(1965)@4著 |
| 701 | 0 | @a陈松@Achen song@f(1981)@4著 |
| 701 | 0 | @a王宁@Awang ning@4著 |
| 801 | 0 | @aCN@b卓展宏图@c20150525 |
| 905 | @dS-65@e47@f5 | |
| 我国农业标准化战略与增强农业竞争力研究/钱永忠, 陈松, 王宁著.-北京:中国农业出版社,2014 |
| 305页;24cm |
| 国家社会科学基金重点项目 |
| ISBN 978-7-109-19700-8:CNY42.00 |
| 本书共分九章, 内容包括: 绪论、农业标准化与农业竞争力相关理论、政府推动农业标准化、农业企业实施农业标准化、合作社实施农业标准化等。 |
| ● |
| 相关链接 |
|
|
|
|
正题名:我国农业标准化战略与增强农业竞争力研究
索取号:S-65/47
 
预约/预借
| 序号 | 登录号 | 条形码 | 馆藏地/架位号 | 状态 | 备注 |
| 1 | 855952 | 208559521 | 第二样本阅览室/ [索取号:S-65/47] | 在馆 | |
| 2 | 855953 | 208559530 | 第三借阅区/ [索取号:S-65/47] | 在馆 | |
| 3 | 855954 | 208559549 | 第三借阅区/ [索取号:S-65/47] | 在馆 | |
| 4 | 855955 | 208559558 | 第三借阅区/ [索取号:S-65/47] | 在馆 | |
| 5 | 855956 | 208559567 | 第三借阅区/ [索取号:S-65/47] | 在馆 |